Normal view
MARC view
- Dynamic loading and characterization of fiber -reinforced composites
Entry Topical Term
001 - CONTROL NUMBER
- control field: 126454
003 - CONTROL NUMBER IDENTIFIER
- control field: NUST
005 - DATE AND TIME OF LATEST TRANSACTION
- control field: 20241023165127.0
008 - FIXED-LENGTH DATA ELEMENTS
- fixed length control field: 241023|| aca||aabn | a|a d
040 ## - CATALOGING SOURCE
- Original cataloging agency: NUST
- Transcribing agency: NUST
150 ## - HEADING--TOPICAL TERM
- Topical term or geographic name entry element: Dynamic loading and characterization of fiber -reinforced composites
670 ## - SOURCE DATA FOUND
- Source citation: Work cat.: (NUST): Robert L. Sierakowski 126453, Dynamic loading and characterization of fiber -reinforced composites , 1997.
